00406nam a2200181Ia 4500008004100000020001800041050001400059100001400073245002400087245001400111260001500125260001600140260000900156300001400165300002700179300001000206500000800216170918s9999 xx 000 0 und d a9780439574334 bB393 1998 aBeck, Ian aTeddy's snowy day / cIan Beck. aNew York : bScholastic, c1998 aunpaged : bcolored illustration ; c26cm. a310